00517nam a22001817a 4500003000400000005001700004008004100021020001400062040003000076050002100106100002400127245006000151260002600211300000900237650004000246650002000286650002900306OSt20260703115449.0260703b |||||||| |||| 00| 0 eng d a060952865 cChuka University Library  aLB 2805 .G5 1995 aGlasser Wiliam M.D. aThe Quality School bManaging Students Without Coercion aLondon bHarperc1995 a176p aSchool Management and Organization aQuality Control aMotivation in Education